ABBA - The winner takes it all - Lyrics - Statistics

General Stats
  • This quiz has been taken 6,488 times
  • The average score is 176 of 250
Answer Stats
% Correct
I
100%
i
100%
a
99%
it
99%
the
99%
all
98%
takes
98%
winner
98%
loser
94%
to
91%
don't
88%
you?
88%
you
88%
me
87%
be
86%
no
85%
talk
85%
wanna
85%
and
82%
about
81%
thing
81%
it's
80%
my
80%
play
78%
things
77%
standing
76%
through
76%
small
75%
we've
75%
gone
74%
has
74%
your
74%
fall
73%
what
73%
in
71%
now
71%
so
70%
that's
70%
cards
69%
history
69%
more
69%
but
68%
feel
68%
I've
68%
played
67%
victory
67%
done
66%
hurting
66%
say
66%
say?
66%
there
66%
too
66%
you've
66%
Though
65%
was
65%
her
63%
rules
61%
beside
60%
destiny
60%
makes
60%
like
59%
she
59%
thinking
59%
when
59%
ace
58%
if
58%
nothing
58%
arms
57%
as
57%
by
57%
does
57%
can
56%
fool
56%
sad
56%
why
56%
building
55%
home
54%
kiss
54%
know
54%
same
54%
see
54%
should
54%
used
54%
is
53%
playing
53%
dice
52%
must
52%
name?
52%
bad
51%
belonged
51%
calls
51%
fence
51%
game
51%
I'd
51%
on
51%
simple
51%
strong
51%
tell
51%
cold
50%
complain?
50%
gods
50%
ice
50%
will
50%
here
49%
loser's
49%
made
49%
of
49%
sense
48%
someone
48%
way
48%
down
47%
come
46%
dear
46%
hand
46%
may
46%
obeyed
46%
plain
46%
their
46%
throw
46%
or
45%
confidence
43%
figured
43%
loses
43%
miss
43%
decide
42%
minds
42%
self
42%
shake
41%
understand
41%
inside
40%
judges
40%
big
38%
deep
38%
friend
38%
lover
38%
somewhere
38%
again
37%
apologize
36%
seeing
36%
tense
36%
always
35%
spectators
33%
show
32%
likes
31%
abide
28%
low
25%
staying
25%
No matching quizzes found
Score Distribution
Percent of People with Each Score
Percentile by Number Answered
Your Score History
You have not taken this quiz